00369 a2200157 4500003000400000005001700004008004100021020001800062040000900080082001800089100001800107245005000125250000800175260001900183300000900202OSt20231204145632.0231204b |||||||| |||| 00| 0 eng d a9789352533374 coclc a330.15bLOK/H aLokanathan, V aA History of economic thought /cV Lokanathan a10e bS Chandc2022. a382p